|
|
|
|
| LEADER |
00000nam a2200000 i 4500 |
| 005 |
20120720145225.0 |
| 007 |
cr|||| |||| |
| 008 |
110301s2010 sp 000 spad| |
| 017 |
|
|
|a D.L.: B. 37.199-2010
|
| 020 |
|
|
|a 9788415179009
|
| 035 |
|
|
|a 6515
|
| 040 |
|
|
|a UGR
|d BUS
|d vLex
|
| 080 |
|
|
|a 658.14
|
| 090 |
|
|
|c 3310
|d 3310
|
| 100 |
1 |
|
|a Vz̀quez Torres, ℓngel Luis
|
| 245 |
1 |
0 |
|a Manual para la financiacin̤ de la PYME
|h [Recurso electrn̤ico] /
|c ℓngel Luis Vz̀quez Torres, Domingo Carbajo Vasco, Fidelio Lp̤ez Pelèz.
|
| 250 |
|
|
|a 2a ed.
|
| 256 |
|
|
|a Servicio en ln̕ea
|
| 260 |
|
|
|a Barcelona :
|b Experiencia,
|c 2010.
|
| 300 |
|
|
|a 1 recurso electrn̤ico
|
| 506 |
1 |
|
|a Contenido solo disponible en los productos indicados
|d vLex Global
|d vLex Global (Academic Edition, excluding Law Schools)
|d vLex Global (U.S. Academic Edition, Law Schools)
|d vLex Global (U.S. Academic Edition, excluding Law Schools)
|d vLex Global (Academic Edition, Law Schools)
|
| 650 |
0 |
4 |
|a Empresas
|x Financiacin̤
|
| 650 |
0 |
4 |
|a Pequeąs y medianas empresas
|x Finanzas.
|
| 700 |
1 |
|
|a Carbajo Vasco, Domingo,
|e coaut.
|
| 700 |
1 |
|
|a Lp̤ez Pelèz, Fidelio,
|e coaut.
|
| 740 |
0 |
|
|a vLex Libros (Servicio en ln̕ea)
|
| 856 |
4 |
0 |
|u http://vlex.com/source/manual-financiacion-pyme-6515
|z Acceso restringido
|
| 942 |
|
|
|c BOOK
|
| 999 |
0 |
|
|a Business enterprises
|
| 999 |
0 |
|
|a Small business
|